| 000 | 02312nam a2200457 c 4500 | ||
|---|---|---|---|
| 003 | BLK | ||
| 005 | 20240313160643.0 | ||
| 008 | 180409b bul|||||r ||||||| ||bul|| | ||
| 010 | _aKNG00107879000 | ||
| 020 |
_a954-733-334-8 _bиздат.: Прозорец |
||
| 040 | _aBLK | ||
| 041 |
_aBUL _cBUL |
||
| 080 |
_aШпионаж. Политическо влияние чрез тайни (разузнавателни) служби _b327.84 _x(73) _z327.84(73) |
||
| 080 |
_aРазузнавателна служба. Тайна служба. Шпионаж. Разузнавателна информация. Вж и 327.84 ; 344.1 _b355.40 _x(73) _z355.40(73) |
||
| 080 |
_aСтудена война _b327.54 _x _z327.54 |
||
| 100 | 1 |
_aБамфорд, Джеймс _eпърви автор _936254 |
|
| 700 |
_aСемкова-Вулова, Боряна Николай _gПреводач от/на руски, английски и френски език _9244049 |
||
| 139 |
_aБамфорд, Джеймс _bБ 24 |
||
| 245 | 1 | 0 |
_aЦитаделата на тайните _bАнатомия на свръхсекретната агенция за нац. сигурност _cДжеймс Бамфорд; прев. Боряна Николай Семкова-Вулова. |
| 245 | 1 | 0 |
_aОт студената война до зората на новото столетие _b _c |
| 257 | _aUSA | ||
| 260 |
_аСофия _bПрозорец _c2003 _fСофия : Инвестпрес АД |
||
| 300 |
_a638 с. _c24 см |
||
| 380 | _a3 | ||
| 490 | 1 |
_aПоредица Хроника _v42 |
|
| 500 | _aОриг. загл. Body of Secrets / James Bamford. - Офс. изд. - Съдържа Прил., Азб. показалец. | ||
| 650 | 4 |
_aРазузнаване - САЩ _9256640 |
|
| 650 | 4 |
_aНационална сигурност - САЩ _9250721 |
|
| 650 | 4 |
_aСтудена война _9278784 |
|
| 651 | 4 |
_aСАЩ _9179493 |
|
| 653 | _aразузнаване | ||
| 653 | _aСАЩ | ||
| 653 | _aнационална сигурност | ||
| 653 | _aСтудена война | ||
| 852 | _aЦб 216044 | ||
| 856 | 4 |
_qpdf _u |
|
| 856 | 4 |
_qpdf _u |
|
| 942 |
_cKNG _n0 _04 |
||
| 944 |
_aCR _c24.06.2003 _lГеновева Генчева _k30560 |
||
| 944 |
_aED _c25.10.2011 _lф / _k |
||
| 999 |
_c102808 _d102808 |
||